Cerro Sombrero: arquitectura moderna en Tierra del Fuego

Guardat en:
Dades bibliogràfiques
Autor principal: Domínguez Bastidas, Pamela (Autor)
Format: Llibre
Idioma:espanyol
Publicat: Santiago Pamela Domínguez Bastidas 2011
Edició:1a. ed
Matèries:
Etiquetes: Afegir etiqueta
Sense etiquetes, Sigues el primer a etiquetar aquest registre!

MARC

LEADER 00000cam a2200000 a 4500
001 UCE1934
003 CL-VaPUC
008 140526e20110700cl |||||||||||||||||spa|d
020 |a 9789563454635 
082 0 4 |a 720.98364  |b DOM  |2 21 
100 0 |a Domínguez Bastidas, Pamela  |e author  |9 574373 
245 1 0 |a Cerro Sombrero: arquitectura moderna en Tierra del Fuego 
250 |a 1a. ed 
300 |a 156 p 
942 |c BK 
945 |d 20140526 07:41:00  |a dcastane 
260 |a Santiago  |b Pamela Domínguez Bastidas  |c 2011 
650 0 |a Arquitectura moderna  |9 265021 
650 0 |a Arquitectura chilena  |9 265393 
650 7 |a PROYECTOS DE ARQUITECTURA  |2 CL-VaPUC  |9 574374 
583 |a last modification  |c 20140526 07:41:00  |k Rodrigo Vera 
999 |c 355617  |d 355615 
952 |0 0  |1 0  |3 erb  |4 0  |6 720_983640000000000_DOM_2011  |7 0  |8 A  |9 462392  |a BIBARQ  |b BIBARQ  |i 5074592  |l 1  |o 720.98364 DOM 2011  |p 5074592  |r 2025-01-20  |s 2023-03-13  |w 2019-11-23  |y BK  |z Catalogado en:20140526  |k ARQ